000 00526nam a2200205Ia 4500
005 20251020182550.0
008 200515s9999 xx 000 0 und d
082 _aR/058.65(85)/E49
110 _aEmex
245 0 _aComu Guía
250 _a6a ed.
260 _aLima
260 _c1993
300 _a256
520 _aDirectorio general de informática, telecomunicaciones y comunicaciones de datos mobiliario y equipo de oficinas
650 _aDIRECTORIOS
650 _aINFORMATICA
650 _aLIB
942 _cLIB
999 _c2687
_d2687